Statistiken für Stelle der Buchstaben im Alphabet

Klicken Sie hier um das Quiz zu spielen!

Allgemein

  • Dieses Quiz wurde 274 mal gespielt
  • Das Durchschnittsergebnis liegt bei 25 aus 26

Antwortstatistiken

HintAntwort% Korrekt
1A
98%
4D
98%
5E
98%
9I
98%
17Q
98%
19S
98%
2B
97%
3C
97%
6F
97%
7G
97%
11K
97%
12L
97%
15O
97%
16P
97%
18R
97%
21U
97%
23W
97%
26Z
97%
8H
96%
10J
96%
13M
96%
24X
96%
25Y
96%
14N
95%
20T
95%
22V
95%

Verteilung der Resultate

Perzentil nach korrekt beantworteten Fragen

Anzahl Personen mit jedem Resultat

Ihre Resultats-Entwicklung

Sie haben dieses Quiz noch nicht gespielt